00425nam a22001337a 4500082001200000100004200012245007400054260002700128300000800155490005800163505001000221520003500231650002500266 a676 APP aAppropriate Technology for .......... aAppropriate Technology for the Manufacture of Pulp and Paper Products aNew DelhibUNIDOc1978 a25p aIndustrial Forum on Appropriate Industrial Technology aUNIDO aWorking Group No. 3 and No.10 aIndustrial chemistry